Parallel money markets/ (Record no. 40029)

MARC details
000 -LEADER
fixed length control field 01330cam a2200349 4500
001 - CONTROL NUMBER
control field 1746510
003 - CONTROL NUMBER IDENTIFIER
control field OSt
005 - DATE AND TIME OF LATEST TRANSACTION
control field 20070627094740.0
008 - FIXED-LENGTH DATA ELEMENTS--GENERAL INFORMATION
fixed length control field 710713m19711972enk s 001 0 eng
010 ## - LIBRARY OF CONGRESS CONTROL NUMBER
LC control number 75143999
015 ## - NATIONAL BIBLIOGRAPHY NUMBER
National bibliography number B71-12247 (v. 1)
020 ## - INTERNATIONAL STANDARD BOOK NUMBER
International Standard Book Number 0333113691 (v. 1)
-- 0333118073 (v. 2)
040 ## - CATALOGING SOURCE
Original cataloging agency DLC
Transcribing agency DLC
Modifying agency DLC
043 ## - GEOGRAPHIC AREA CODE
Geographic area code e-uk-en
-- n-us-ny
050 00 - LIBRARY OF CONGRESS CALL NUMBER
Classification number HG173
Item number .E46 1971
100 1# - MAIN ENTRY--PERSONAL NAME
Personal name Einzig, Paul,
Dates associated with a name 1897-1973.
245 10 - TITLE STATEMENT
Title Parallel money markets/
Statement of responsibility, etc Paul Einzig
260 ## - PUBLICATION, DISTRIBUTION, ETC. (IMPRINT)
Place of publication, distribution, etc London,
Name of publisher, distributor, etc Macmillan;
Place of publication, distribution, etc New York,
Name of publisher, distributor, etc St. Martin's Press,
Date of publication, distribution, etc 1971-72.
300 ## - PHYSICAL DESCRIPTION
Extent ix, 217 p.;
Dimensions 23 cm.
350 ## - PRICE (NR) (BK AM CF MU VM SE) [OBSOLETE]
Price £4.00 (v. 1)
-- £4.95 (v. 2)
440 ## - SERIES STATEMENT/ADDED ENTRY--TITLE
Volume number/sequential designation vol.1
500 ## - GENERAL NOTE
General note includes index
504 ## - BIBLIOGRAPHY, ETC. NOTE
Bibliography, etc Includes bibliographic references
505 0# - FORMATTED CONTENTS NOTE
Formatted contents note v. 1. The new markets in London.--v. 2. Overseas markets.
650 #0 - SUBJECT ADDED ENTRY--TOPICAL TERM
Topical term or geographic name as entry element Finance.
650 #0 - SUBJECT ADDED ENTRY--TOPICAL TERM
Topical term or geographic name as entry element Finance
Geographic subdivision England
-- London.
650 #0 - SUBJECT ADDED ENTRY--TOPICAL TERM
Topical term or geographic name as entry element Finance
Geographic subdivision New York (State)
-- New York.
906 ## - LOCAL DATA ELEMENT F, LDF (RLIN)
a 7
b cbc
c orignew
d 3
e ncip
f 19
g y-gencatlg
942 ## - ADDED ENTRY ELEMENTS (KOHA)
Source of classification or shelving scheme Library of Congress Classification
Item type Book
Holdings
Withdrawn status Lost status Source of classification or shelving scheme Damaged status Not for loan Collection code Home library Current library Shelving location Date acquired Source of acquisition Total Checkouts Full call number Barcode Copy number Price effective from Koha item type
    Library of Congress Classification     Non-fiction Bishop Okullu Memorial Library (Limuru Campus) Bishop Okullu Memorial Library (Limuru Campus) General Circulation 18/01/2012 Donation   HG173 .E46 1971 030101 1 18/01/2012 Book
    Library of Congress Classification     Non-fiction Bishop Okullu Memorial Library (Limuru Campus) Bishop Okullu Memorial Library (Limuru Campus) General Circulation 13/02/2012 Donation   HG173 .E46 1971 030543 2 13/02/2012 Book